Study on simese crocodile breeding at phnom tamao zoological and wilelife rescue center; សិក្សាពីការបង្កាត់ពូជក្រពើភ្នំនៅឧទ្យានសួនសត្វនិងមជ្ឈមណ្ឌលសង្គ្រោះសត្វព្រៃភ្នំតាមៅ (Record no. 11020)
[ view plain ]
| 000 -LEADER | |
|---|---|
| fixed length control field | 00726nam a22001577a 4500 |
| 003 - CONTROL NUMBER IDENTIFIER | |
| control field | OSt |
| 005 - DATE AND TIME OF LATEST TRANSACTION | |
| control field | 20161130105826.0 |
| 008 - FIXED-LENGTH DATA ELEMENTS--GENERAL INFORMATION | |
| fixed length control field | 161130b xxu||||| |||| 00| 0 eng d |
| 040 ## - CATALOGING SOURCE | |
| Transcribing agency | RUA |
| 082 ## - DEWEY DECIMAL CLASSIFICATION NUMBER | |
| Classification number | FOR CHH 2014 B544 Or.1 |
| 100 ## - MAIN ENTRY--PERSONAL NAME | |
| 9 (RLIN) | 11464 |
| Personal name | CHHORN SAVOEUN; ឆន សាវើន |
| 245 ## - TITLE STATEMENT | |
| Title | Study on simese crocodile breeding at phnom tamao zoological and wilelife rescue center; សិក្សាពីការបង្កាត់ពូជក្រពើភ្នំនៅឧទ្យានសួនសត្វនិងមជ្ឈមណ្ឌលសង្គ្រោះសត្វព្រៃភ្នំតាមៅ |
| 260 ## - PUBLICATION, DISTRIBUTION, ETC. (IMPRINT) | |
| Place of publication, distribution, etc. | PHNOM PENH |
| Name of publisher, distributor, etc. | CHH |
| Date of publication, distribution, etc. | 2014 |
| 300 ## - PHYSICAL DESCRIPTION | |
| Extent | xi;39p. |
| Other physical details | ill. |
| Dimensions | 29cm. |
| 942 ## - ADDED ENTRY ELEMENTS (KOHA) | |
| Source of classification or shelving scheme | |
| Koha item type | FOR |
| Price effective from | Date last seen | Permanent Location | Not for loan | Date acquired | Source of classification or shelving scheme | Koha item type | Barcode | Lost status | Damaged status | Shelving location | Withdrawn status | Current Location | Full call number |
|---|---|---|---|---|---|---|---|---|---|---|---|---|---|
| 2016-11-30 | 2016-11-30 | Library Block B | 2016-11-30 | FOR | A05531 | B544 | Library Block B | FOR CHH 2014 B544 Or.1 | |||||
| 2016-11-30 | 2016-11-30 | Library Block B | 2016-11-30 | FOR | A05381 | B544 | Library Block B | FOR CHH 2014 B544 Or.2 | |||||
| 2016-11-30 | 2016-11-30 | Library Block B | 2016-11-30 | FOR | A05462 | B544 | Library Block B | FOR CHH 2014 B544 Or.3 | |||||
| 2016-11-30 | 2016-11-30 | Library Block B | 2016-11-30 | FOR | A05399 | B544 | Library Block B | FOR CHH 2014 B544 Or.4 | |||||
| 2016-11-30 | 2016-11-30 | Library Block B | 2016-11-30 | FOR | A05388 | B544 | Library Block B | FOR CHH 2014 B544 Or.5 | |||||
| 2016-11-30 | 2016-11-30 | Library Block B | 2016-11-30 | FOR | A05463 | B544 | Library Block B | FOR CHH 2014 B544 Or.6 | |||||
| 2016-11-30 | 2016-11-30 | Library Block B | 2016-11-30 | FOR | A05387 | B544 | Library Block B | FOR CHH 2014 B544 Or.7 | |||||
| 2016-11-30 | 2016-11-30 | Library Block B | 2016-11-30 | FOR | A05534 | B544 | Library Block B | FOR CHH 2014 B544 Or.8 |